Concheros : los hijos del águila = The Eagle’s Children /

Registro documental acerca del desarrollo y mantenimiento de la danza azteca –también conocida como danza chichimeca o danza de la Conquista de la Gran Tenochtitlán- entre los concheros chicanos del sur de Estados Unidos, quienes comparten con sus compañeros del lado mexicano una estructura organiza...

Celý popis

Uloženo v:
Podrobná bibliografie
Hlavní autor: Lane, Bruce Pacho (realización)
Další autoři: Kowalski, Lech (fotógrafo) (fotógrafo), Lane, Bruce Pacho (fotógrafo) (fotógrafo), Hanna, Stuart (montaje) (montaje)
Médium: Video
Jazyk:španělština
Vydáno: Rochester, EUA : Ethnoscope Film and Video, copyright fecha no identificada
Edice:(México Insólito)
Témata:
Tagy: Přidat tag
Žádné tagy, Buďte první, kdo vytvoří štítek k tomuto záznamu!

MARC

LEADER 00000ngm^a2200000^a^4500
001 000187440
005 20250521000000.0
009 20260310102301.675
020 |a 1-891813-25-0 
037 |a Acervo ITESO - Biblioteca 
041 |a ESP 
082 |a 786. 162210970  |b LAN 
100 |a Lane, Bruce Pacho  |e (realización) 
240 1 1 |a [Concheros: los hijos del águila] 
245 1 0 |a Concheros :  |b los hijos del águila = The Eagle’s Children /  |c Realización de B.P. Lane. 
246 2 |a Título en la pantalla: Los hijos del águila 
264 4 |a Rochester, EUA :  |b Ethnoscope Film and Video,  |c copyright fecha no identificada 
264 2 |a Morelos, México :  |b La Rana del Sur [distribución],  |c fecha no identificada 
300 |a 1 DVD región 4 (37 min.) :  |b color 
336 |a imagen móvil bidimensional  |b tdi  |2 rdacontenido 
337 |a video  |b v  |2 rdamedio 
338 |a videodisco  |b vd  |2 rdasoporte 
440 1 |a (México Insólito) 
520 |a Registro documental acerca del desarrollo y mantenimiento de la danza azteca –también conocida como danza chichimeca o danza de la Conquista de la Gran Tenochtitlán- entre los concheros chicanos del sur de Estados Unidos, quienes comparten con sus compañeros del lado mexicano una estructura organizacional dirigida por un capitán –nombrado a su vez por un general- y la peregrinación ritual a Chalma, Estado de México. El videoasta norteamericano Bruce "Pacho" Lane sigue a estos grupos, quizás más urgidos que los de sus colegas mexicanos en la necesidad de reanudar el contacto con su herencia cultural, en el viaje a Chalma y también en festejos y mitotes celebrados en Texas, California y Nuevo México. 
546 |a En español e inglés, con subtítulos en español 
649 |a XX 
650 |a Concheros -  |x Condiciones Sociales y Culturales -  |x Tema Principal 
650 |a Bailarines Chicanos -  |x Condiciones Sociales y Culturales 
650 |a Chicanos -  |x Condiciones Sociales y Culturales 
650 |a Aztecas -  |x Condiciones Sociales y Culturales 
650 |a Nahuas -  |x Condiciones Sociales y Culturales 
650 |a Indígenas de México -  |x Condiciones Sociales y Culturales 
650 |a Danza Azteca -  |z Chalma, México (Estado) -  |x Historia y Crítica 
650 |a Danza Azteca -  |z California, EUA -  |x Historia y Crítica 
650 |a Danza Azteca -  |z Nuevo México, EUA -  |x Historia y Crítica 
650 |a Danza Azteca -  |z Texas, EUA -  |x Historia y Crítica 
650 |a Danza Azteca -  |z EUA -  |x Historia y Crítica 
650 |a Danza Azteca -  |x Historia y Crítica -  |x Tema Principal 
650 |a Danza Nahua -  |z Chalma, México (Estado) -  |x Historia y Crítica 
650 |a Danza Nahua -  |z California, EUA -  |x Historia y Crítica 
650 |a Danza Nahua -  |z Nuevo México, EUA -  |x Historia y Crítica 
650 |a Danza Nahua -  |z Texas, EUA -  |x Historia y Crítica 
650 |a Danza Nahua -  |z EUA -  |x Historia y Crítica 
650 |a Danza Nahua -  |x Historia y Crítica 
650 |a Danza Prehispánica -  |z Chalma, México (Estado) -  |x Historia y Crítica 
650 |a Danza Prehispánica -  |z México -  |x Historia y Crítica 
650 |a Danza Prehispánica -  |z California, EUA -  |x Historia y Crítica 
650 |a Danza Prehispánica -  |z Nuevo México, EUA -  |x Historia y Crítica 
650 |a Danza Prehispánica -  |z Texas, EUA -  |x Historia y Crítica 
650 |a Danza Prehispánica -  |z EUA -  |x Historia y Crítica 
650 |a Danza Prehispánica -  |x Historia y Crítica 
650 |a Danza Indígena -  |z Chalma, México (Estado) -  |x Historia y Crítica 
650 |a Danza Indígena -  |z México -  |x Historia y Crítica 
650 |a Danza Indígena -  |z California, EUA -  |x Historia y Crítica 
650 |a Danza Indígena -  |z Nuevo México, EUA -  |x Historia y Crítica 
650 |a Danza Indígena -  |z Texas, EUA -  |x Historia y Crítica 
650 |a Danza Indígena -  |z EUA -  |x Historia y Crítica 
650 |a Danza Indígena -  |x Historia y Crítica 
650 |a Danza Popular -  |z Chalma, México (Estado) -  |x Historia y Crítica 
650 |a Danza Popular -  |z México -  |x Historia y Crítica 
650 |a Danza Popular -  |z California, EUA -  |x Historia y Crítica 
650 |a Danza Popular -  |z Nuevo México, EUA -  |x Historia y Crítica 
650 |a Danza Popular -  |z Texas, EUA -  |x Historia y Crítica 
650 |a Danza Popular -  |z EUA -  |x Historia y Crítica 
650 |a Danza Popular -  |x Historia y Crítica 
650 |a Danza Folklórica -  |z Chalma, México (Estado) -  |x Historia y Crítica 
650 |a Danza Folklórica -  |z México -  |x Historia y Crítica 
650 |a Danza Folklórica -  |z California, EUA -  |x Historia y Crítica 
650 |a Danza Folklórica -  |z Nuevo México, EUA -  |x Historia y Crítica 
650 |a Danza Folklórica -  |z Texas, EUA -  |x Historia y Crítica 
650 |a Danza Folklórica -  |z EUA -  |x Historia y Crítica 
650 |a Danza Folklórica -  |x Historia y Crítica 
650 |a Peregrinaciones -  |z Chalma, México (Estado) 
650 |a Peregrinaciones -  |z México 
650 |a Fiestas Religiosas -  |z Chalma, México (Estado) 
650 |a Fiestas Religiosas -  |z México 
650 |a Ritos Religiosos -  |z Chalma, México (Estado) 
650 |a Ritos Religiosos -  |z México 
650 |a Folklore -  |z Chalma, México (Estado) 
650 |a Folklore -  |z México 
650 |a Folklore -  |z California, EUA 
650 |a Folklore -  |z Nuevo México, EUA 
650 |a Folklore -  |z Texas, EUA 
650 |a Folklore -  |z EUA 
650 |a Prácticas Culturales -  |z Chalma, México (Estado) 
650 |a Prácticas Culturales -  |z México 
650 |a Prácticas Culturales -  |z California, EUA 
650 |a Prácticas Culturales -  |z Nuevo México, EUA 
650 |a Prácticas Culturales -  |z Texas, EUA 
650 |a Prácticas Culturales -  |z EUA 
650 |a Identidad Cultural -  |z Chalma, México (Estado) 
650 |a Identidad Cultural -  |z México 
650 |a Identidad Cultural -  |z California, EUA 
650 |a Identidad Cultural -  |z Nuevo México, EUA 
650 |a Identidad Cultural -  |z Texas, EUA 
650 |a Identidad Cultural -  |z EUA 
650 |a Sociología de la Religión 
650 |a Sociología de la Cultura 
700 |a Kowalski, Lech  |e (fotógrafo) 
700 |a Lane, Bruce Pacho  |e (fotógrafo) 
700 |a Hanna, Stuart  |e (montaje) 
910 |a Fondo General 
920 |a Audiovisuales - DVDs 
940 |a DVDs y Videos de Música 
905 |a 307 
901 |a 0500088818  |b IT2  |c DVM  |u 20250521 
902 |a https://opac.biblio.iteso.mx/vufind/Record/000187440